000 00497cam a22001694a 4500
020 _a0789014548 (soft : alk. paper)
020 _a078901453X (hard : alk. paper)
050 0 0 _aRC488.5
_b.B46 2001
100 1 _aBerg-Cross, Linda.
245 1 0 _aCouples therapy /
_cLinda Berg-Cross.
250 _a2nd ed.
260 _aNew York :
_bHaworth Clinical Practice Press
_c2001.
300 _a458 p. :
650 0 _vProblems, exercises, etc.
650 0 _vProblems, exercises, etc.
942 _2lcc
_cGEN
999 _c14988
_d14988